|
|
|
|
| LEADER |
00000nab a2200000 a 4500 |
| 001 |
vtls010650479 |
| 003 |
SK-MaSNL |
| 005 |
20260304035524.0 |
| 008 |
150128 2014 xo q p 000 0 cze |
| 015 |
|
|
|a SNBRB2015/01
|2 lmaosk
|
| 040 |
|
|
|a LMAOSK
|b slo
|c LMAOSK
|e AACR2
|
| 041 |
0 |
|
|a cze
|
| 044 |
|
|
|a xo
|c SK
|
| 080 |
|
|
|a (046)
|2 2001
|
| 100 |
1 |
|
|a Smekal, Hubert,
|d 1979-
|4 aut
|9 119948
|
| 245 |
1 |
0 |
|a Pronikání lidských práv do agendy Evropské unie
|c Hubert Smekal
|
| 504 |
|
|
|a Bibliogr. odkazy
|
| 610 |
2 |
7 |
|a Európska únia
|2 SNKKA
|9 29861
|
| 610 |
2 |
7 |
|a Súdny dvor Európskych spoločenstiev
|2 SNKKA
|9 30703
|
| 650 |
0 |
7 |
|a ľudské práva
|2 SNKPH
|9 798
|
| 650 |
0 |
7 |
|a základné práva a slobody
|2 SNKPH
|9 81533
|
| 650 |
0 |
7 |
|a Listina základných práv a slobôd EU
|2 LMAOSK
|9 1319478
|
| 655 |
|
7 |
|a články
|2 SNKPH
|9 70601
|
| 773 |
0 |
|
|t Mezinárodní vztahy
|g Roč. 49, č. 4 (2014), s. 81-101
|x 0323-1844
|
| 852 |
|
|
|a LMAOSK
|b KIS3GCP
|
| 958 |
|
|
|a NB
|
| 999 |
|
|
|c 2658604
|d 2660534
|